Catálogo de la Biblioteca Horacio González - Universidad Nacional de General Sarmiento

Recomendaciones metodológicas para la enseñanza : (Registro nro. 16062)

Detalles MARC
000 -CABECERA
campo de control de longitud fija 01356nam a22002770a 4500
001 - NÚMERO DE CONTROL
campo de control PT12790
003 - IDENTIFICADOR DEL NÚMERO DE CONTROL
campo de control AR-LpoUNG
005 - FECHA Y HORA DE LA ÚLTIMA TRANSACCIÓN
campo de control 20210131232524.0
008 - DATOS DE LONGITUD FIJA--INFORMACIÓN GENERAL
campo de control de longitud fija 191001s1995||||ag |||||||||||||||||spa d
040 ## - FUENTE DE LA CATALOGACIÓN
Centro catalogador/agencia de origen AR-LpoUNG
Lengua de catalogación spa
Centro/agencia transcriptor AR-LpoUNG
Normas de descripción aacr
041 ## - CÓDIGO DE LENGUA
Código de lengua del texto/banda sonora o título independiente spa
044 ## - CÓDIGO DEL PAÍS DE LA ENTIDAD EDITORA/PRODUCTORA
Código MARC del país ag
082 0# - NÚMERO DE LA CLASIFICACIÓN DECIMAL DEWEY
Número de clasificación 372 692m
245 10 - MENCIÓN DE TÍTULO
Título Recomendaciones metodológicas para la enseñanza :
Resto del título 2§ operativo nacional de evaluacion (1994) nivel primario 7§ grado, matemática
250 ## - MENCIÓN DE EDICIÓN
Mención de edición 1ª edición
260 ## - PUBLICACIÓN, DISTRIBUCIÓN, ETC.
Lugar de publicación, distribución, etc. Buenos Aires :
Nombre del editor, distribuidor, etc. Ministerio de Cultura y Educación,
Fecha de publicación, distribución, etc. 1995.
300 ## - DESCRIPCIÓN FÍSICA
Extensión 73 p. :
Otras características físicas gráfs.
520 ## - SUMARIO, ETC.
Sumario, etc. El presente material, destinado a todos los docentes que enseñan Matemática en las escuelas de nivel primario de Argentina, contiene información generada a partir de los datos que se obtivieron en el Operativo Nacional de Evaluación, realizado en noviembre de 1994. Su objetivo, además de presentar los resultados alcanzados, es orientar en la interpretación de los mismos y plantear algunas alternativas metodológicas para la enseñanza de aquellos contenidos que mostraron dificultad.
650 #4 - PUNTO DE ACCESO ADICIONAL DE MATERIA--TÉRMINO DE MATERIA
Término de materia o nombre geográfico como elemento de entrada EDUCACION
650 #4 - PUNTO DE ACCESO ADICIONAL DE MATERIA--TÉRMINO DE MATERIA
Término de materia o nombre geográfico como elemento de entrada ENSEÑANZA
650 #4 - PUNTO DE ACCESO ADICIONAL DE MATERIA--TÉRMINO DE MATERIA
Término de materia o nombre geográfico como elemento de entrada METODOS PEDAGOGICOS
651 #4 - PUNTO DE ACCESO ADICIONAL DE MATERIA--NOMBRE GEOGRÁFICO
Nombre geográfico DOCUMENTOS TEORICOS O METODOLOGICOS
710 2# - PUNTO DE ACCESO ADICIONAL--NOMBRE DE ENTIDAD CORPORATIVA
Nombre de entidad corporativa o nombre de jurisdicción como elemento de entrada Argentina. Secretaría de Programación y Evaluación Educativa
905 ## - ELEMENTOS DE DATOS E LOCAL, LDE (RLIN)
a 12790
942 ## - ELEMENTOS DE PUNTO DE ACCESO ADICIONAL (KOHA)
Tipo de ítem Koha Libro
Existencias
Estado de retiro Estado de pérdida Estado dañado No para préstamo Código de colección Localización permanente Ubicación/localización actual Fecha de adquisición Total de préstamos Signatura topográfica completa Código de barras Fecha visto por última vez Precio válido a partir de Tipo de ítem Koha
        Colección General Biblioteca Universidad Nacional de General Sarmiento Biblioteca Universidad Nacional de General Sarmiento 31/01/2021   372 692m 00001224 31/01/2021 31/01/2021 Libro